[Event "DVM U14w 2020"]
[Site "Willingen GER"]
[Date "2021.06.25"]
[Round "4"]
[White "Kube, Maja"]
[Black "Gyácsok, Dzvinka"]
[Result "0-1"]
[Termination "normal"]
[Board "6.3"]
[WhiteElo "979"]
[BlackElo "1041"]
[WhiteClock "00:25:28"]
[BlackClock "00:56:26"]
[WhiteTeam "SC Papenburg"]
[BlackTeam "SV Multatuli Ingelheim e.V."]
[PlyCount "84"]
[WhiteFideId "16298268"]
[BlackFideId "16298292"]
[EventCountry "GER"]
[EventRounds "7"]
[EventType "team-swiss"]
[EventDate "2021.06.23"]

1. e4 {[%clk 1:30:58]} 1... e5 {[%clk 1:30:55]} 2. Nf3 {[%clk 1:31:24]} 2...
Nc6 {[%clk 1:31:19]} 3. Bc4 {[%clk 1:31:47]} 3... Bc5 {[%clk 1:31:43]} 4. c3 {
[%clk 1:31:58]} 4... Nf6 {[%clk 1:31:59]} 5. d4 {[%clk 1:32:08]} 5... exd4 {
[%clk 1:31:39]} 6. cxd4 {[%clk 1:32:23]} 6... Bb4+ {[%clk 1:30:07]} 7. Bd2 {
[%clk 1:32:30]} 7... d6 {[%clk 1:29:47]} 8. Qb3 {[%clk 1:29:07]} 8... Bxd2+ {
[%clk 1:27:02]} 9. Nbxd2 {[%clk 1:28:36]} 9... O-O {[%clk 1:26:51]} 10. Ng5 {
[%clk 1:27:58]} 10... Qe7 {[%clk 1:25:36]} 11. O-O {[%clk 1:24:12]} 11... Nxd4
{[%clk 1:25:00]} 12. Qd3 {[%clk 1:21:05]} 12... c5 {[%clk 1:21:45]} 13. Rfe1 {
[%clk 1:17:37]} 13... Ng4 {[%clk 1:17:51]} 14. f4 {[%clk 1:01:50]} 14... Qf6 {
[%clk 1:14:52]} 15. e5 {[%clk 0:58:06]} 15... Bf5 {[%clk 1:10:42]} 16. exf6 {
[%clk 0:52:41]} 16... Bxd3 {[%clk 1:10:15]} 17. Bxd3 {[%clk 0:52:45]} 17...
Nxf6 {[%clk 1:09:37]} 18. Re7 {[%clk 0:46:39]} 18... Rab8 {[%clk 1:07:26]} 19.
Rae1 {[%clk 0:41:08]} 19... Nd5 {[%clk 1:04:24]} 20. Bxh7+ {[%clk 0:38:14]}
20... Kh8 {[%clk 1:03:38]} 21. R7e4 {[%clk 0:31:21]} 21... f6 {[%clk 1:01:02]}
22. Ne6 {[%clk 0:27:44]} 22... Nxe6 {[%clk 1:00:45]} 23. Rxe6 {[%clk 0:27:18]}
23... Kxh7 {[%clk 1:01:01]} 24. g3 {[%clk 0:26:16]} 24... Rbd8 {[%clk 0:59:51]}
25. Kf2 {[%clk 0:25:18]} 25... Nb4 {[%clk 0:58:47]} 26. g4 {[%clk 0:24:31]}
26... Nd3+ {[%clk 0:57:33]} 27. Kg3 {[%clk 0:23:59]} 27... Nxe1 {[%clk 0:57:39]
} 28. Rxe1 {[%clk 0:24:13]} 28... Rde8 {[%clk 0:56:54]} 29. Rxe8 { [%clk
0:23:48]} 29... Rxe8 {[%clk 0:57:16]} 30. h4 {[%clk 0:24:07]} 30... Re3+ {[%clk
0:57:17]} 31. Nf3 {[%clk 0:24:26]} 31... Re2 {[%clk 0:57:06]} 32. g5 { [%clk
0:24:30]} 32... fxg5 {[%clk 0:57:16]} 33. hxg5 {[%clk 0:24:52]} 33... Rxb2
{[%clk 0:57:26]} 34. Kg4 {[%clk 0:25:15]} 34... c4 {[%clk 0:57:22]} 35. f5
{[%clk 0:25:29]} 35... c3 {[%clk 0:57:19]} 36. f6 {[%clk 0:25:14]} 36... gxf6 {
[%clk 0:56:26]} 37. gxf6 {[%clk 0:25:31]} 37... Kg8 {[%clk 0:56:43]} 38. Ne1 {
[%clk 0:25:12]} 38... Re2 {[%clk 0:56:47]} 39. Nd3 {[%clk 0:25:03]} 39... c2 {
[%clk 0:56:52]} 40. Kf5 {[%clk 0:25:19]} 40... Rd2 {[%clk 0:56:58]} 41. Ke6 {
[%clk 0:25:07]} 41... Rxd3 {[%clk 0:56:27]} 42. Ke7 {[%clk 0:25:28]} 42... Re3+
{[%clk 0:56:26]} 0-1

[Event "DVM U14w 2020"]
[Site "Willingen GER"]
[Date "2021.06.25"]
[Round "4"]
[White "Moldovan, Tatiana"]
[Black "Hubert, Charlotte"]
[Result "1/2-1/2"]
[Termination "normal"]
[Board "7.1"]
[WhiteElo "1430"]
[BlackElo "1549"]
[WhiteClock "00:48:39"]
[BlackClock "00:04:23"]
[WhiteTeam "SG Königskinder Hohentübingen e.V."]
[BlackTeam "Hamburger SK von 1830"]
[PlyCount "87"]
[WhiteFideId "16287398"]
[BlackFideId "16265920"]
[EventCountry "GER"]
[EventRounds "7"]
[EventType "team-swiss"]
[EventDate "2021.06.23"]

1. e4 {[%clk 1:26:11]} 1... c5 {[%clk 1:30:50]} 2. Nc3 {[%clk 1:26:21]} 2... d6
{[%clk 1:31:00]} 3. Nf3 {[%clk 1:26:41]} 3... Nf6 {[%clk 1:31:22]} 4. d4 {
[%clk 1:26:56]} 4... cxd4 {[%clk 1:31:44]} 5. Nxd4 {[%clk 1:27:15]} 5... a6 {
[%clk 1:32:07]} 6. Bd3 {[%clk 1:27:24]} 6... e5 {[%clk 1:29:22]} 7. Nf5 { [%clk
1:25:56]} 7... Bxf5 {[%clk 1:25:10]} 8. exf5 {[%clk 1:26:16]} 8... Nc6 { [%clk
1:24:46]} 9. O-O {[%clk 1:26:08]} 9... Be7 {[%clk 1:23:44]} 10. f4 { [%clk
1:25:50]} 10... O-O {[%clk 1:19:56]} 11. Ne4 {[%clk 1:24:46]} 11... d5 { [%clk
1:05:40]} 12. Nxf6+ {[%clk 1:24:30]} 12... Bxf6 {[%clk 1:06:04]} 13. fxe5
{[%clk 1:24:51]} 13... Nxe5 {[%clk 1:04:56]} 14. c3 {[%clk 1:23:36]} 14... d4 {
[%clk 0:56:46]} 15. Be4 {[%clk 1:20:51]} 15... dxc3 {[%clk 0:55:28]} 16. bxc3 {
[%clk 1:21:00]} 16... Qxd1 {[%clk 0:47:38]} 17. Rxd1 {[%clk 1:16:44]} 17...
Rad8 {[%clk 0:45:14]} 18. Ba3 {[%clk 1:16:26]} 18... Rfe8 {[%clk 0:40:18]} 19.
Bxb7 {[%clk 1:15:10]} 19... Nc4 {[%clk 0:39:31]} 20. Bc5 {[%clk 1:11:46]} 20...
a5 {[%clk 0:33:47]} 21. Bd4 {[%clk 1:06:54]} 21... Ne3 {[%clk 0:30:03]} 22.
Bxe3 {[%clk 1:04:40]} 22... Rxd1+ {[%clk 0:29:28]} 23. Rxd1 {[%clk 1:04:36]}
23... Rxe3 {[%clk 0:29:49]} 24. c4 {[%clk 1:04:24]} 24... Rc3 {[%clk 0:26:06]}
25. Bd5 {[%clk 1:02:30]} 25... Bg5 {[%clk 0:23:15]} 26. a4 {[%clk 1:00:14]}
26... Rc1 {[%clk 0:23:09]} 27. Rxc1 {[%clk 1:00:26]} 27... Bxc1 {[%clk 0:23:35]
} 28. Kf1 {[%clk 1:00:09]} 28... Kf8 {[%clk 0:23:11]} 29. Ke2 {[%clk 1:00:14]}
29... Ke7 {[%clk 0:21:45]} 30. Bc6 {[%clk 0:56:38]} 30... Kd6 {[%clk 0:21:47]}
31. Bb7 {[%clk 0:55:27]} 31... Ba3 {[%clk 0:21:43]} 32. Kf3 {[%clk 0:54:45]}
32... Ke5 {[%clk 0:21:33]} 33. g4 {[%clk 0:54:55]} 33... Bc5 {[%clk 0:20:35]}
34. h3 {[%clk 0:54:22]} 34... Bb4 {[%clk 0:14:45]} 35. Bc6 {[%clk 0:54:24]}
35... Kd4 {[%clk 0:12:24]} 36. Bb5 {[%clk 0:53:05]} 36... Bd6 {[%clk 0:12:22]}
37. g5 {[%clk 0:53:10]} 37... f6 {[%clk 0:09:17]} 38. gxf6 {[%clk 0:52:51]}
38... gxf6 {[%clk 0:09:36]} 39. Kg4 {[%clk 0:52:25]} 39... Bf8 {[%clk 0:08:01]}
40. h4 {[%clk 0:49:31]} 40... Kc5 {[%clk 0:07:21]} 41. Kf3 {[%clk 0:49:05]}
41... Kd4 {[%clk 0:04:08]} 42. Ke2 {[%clk 0:48:45]} 42... Bd6 {[%clk 0:04:11]}
43. h5 {[%clk 0:48:55]} 43... h6 {[%clk 0:04:23]} 44. Kf3 {[%clk 0:48:39]}
1/2-1/2

[Event "DVM U14w 2020"]
[Site "Willingen GER"]
[Date "2021.06.25"]
[Round "4"]
[White "Stasaitis, Paulina"]
[Black "Wu, Yvonne Yihan"]
[Result "0-1"]
[Termination "normal"]
[Board "7.3"]
[WhiteElo "1119"]
[BlackElo "1123"]
[WhiteClock "00:45:12"]
[BlackClock "00:38:26"]
[WhiteTeam "SG Königskinder Hohentübingen e.V."]
[BlackTeam "Hamburger SK von 1830"]
[PlyCount "80"]
[WhiteFideId "34606165"]
[BlackFideId "16298330"]
[EventCountry "GER"]
[EventRounds "7"]
[EventType "team-swiss"]
[EventDate "2021.06.23"]

1. d4 {[%clk 1:30:57]} 1... Nf6 {[%clk 1:30:38]} 2. Bf4 {[%clk 1:30:49]} 2...
g6 {[%clk 1:30:35]} 3. Qd2 {[%clk 1:31:09]} 3... d6 {[%clk 1:27:00]} 4. c4 {
[%clk 1:31:14]} 4... Nbd7 {[%clk 1:25:12]} 5. h3 {[%clk 1:29:05]} 5... e5 {
[%clk 1:21:09]} 6. dxe5 {[%clk 1:27:49]} 6... Nxe5 {[%clk 1:17:18]} 7. c5 {
[%clk 1:26:32]} 7... Qe7 {[%clk 1:09:29]} 8. cxd6 {[%clk 1:21:40]} 8... cxd6 {
[%clk 1:06:15]} 9. Nc3 {[%clk 1:20:37]} 9... Bf5 {[%clk 1:03:07]} 10. Bg5 {
[%clk 1:19:01]} 10... Nd3+ {[%clk 1:01:54]} 11. Kd1 {[%clk 1:17:29]} 11...
Nxf2+ {[%clk 1:01:52]} 12. Kc1 {[%clk 1:16:05]} 12... Nxh1 {[%clk 1:00:52]} 13.
g4 {[%clk 1:16:09]} 13... Bd7 {[%clk 0:53:36]} 14. Qf4 {[%clk 1:15:45]} 14...
Bg7 {[%clk 0:52:20]} 15. Nd5 {[%clk 1:15:56]} 15... Nxd5 {[%clk 0:51:18]} 16.
Qd2 {[%clk 1:12:53]} 16... Bf6 {[%clk 0:43:23]} 17. h4 {[%clk 1:10:26]} 17...
Bxg5 {[%clk 0:41:24]} 18. hxg5 {[%clk 1:10:27]} 18... Rc8+ {[%clk 0:40:30]} 19.
Kb1 {[%clk 1:09:43]} 19... Qe4+ {[%clk 0:40:08]} 20. Qd3 {[%clk 1:01:02]} 20...
Qxd3+ {[%clk 0:40:17]} 21. exd3 {[%clk 1:01:09]} 21... Bxg4 {[%clk 0:40:12]}
22. Bg2 {[%clk 1:00:36]} 22... Ne3 {[%clk 0:38:33]} 23. Bxb7 {[%clk 1:00:11]}
23... Rc7 {[%clk 0:38:33]} 24. Bxh1 {[%clk 1:00:24]} 24... Nc2 {[%clk 0:38:02]}
25. b3 {[%clk 0:59:03]} 25... Nxa1 {[%clk 0:38:04]} 26. Kxa1 {[%clk 0:59:24]}
26... Rc1+ {[%clk 0:38:22]} 27. Kb2 {[%clk 0:59:44]} 27... Rxg1 {[%clk 0:38:50]
} 28. Bc6+ {[%clk 0:59:38]} 28... Ke7 {[%clk 0:39:09]} 29. d4 {[%clk 0:59:40]}
29... h5 {[%clk 0:38:37]} 30. gxh6 {[%clk 0:59:40]} 30... Rxh6 {[%clk 0:38:57]}
31. d5 {[%clk 0:59:35]} 31... Rh2+ {[%clk 0:38:33]} 32. Ka3 {[%clk 0:59:36]}
32... Bc8 {[%clk 0:38:26]} 33. Kb4 {[%clk 0:57:00]} 33... g5 {[%clk 0:38:37]}
34. a4 {[%clk 0:56:53]} 34... g4 {[%clk 0:38:42]} 35. Kb5 {[%clk 0:56:11]}
35... Rb1 {[%clk 0:38:38]} 36. b4 {[%clk 0:56:24]} 36... Rhb2 {[%clk 0:38:43]}
37. Ka5 {[%clk 0:47:20]} 37... Rxb4 {[%clk 0:38:59]} 38. Be8 {[%clk 0:46:39]}
38... Bd7 {[%clk 0:38:06]} 39. Bxd7 {[%clk 0:44:58]} 39... Kxd7 {[%clk 0:38:26]
} 40. Ka6 {[%clk 0:45:12]} 40... Rxa4# 0-1

[Event "DVM U14w 2020"]
[Site "Willingen GER"]
[Date "2021.06.25"]
[Round "4"]
[White "Abram, Kristina-Maria"]
[Black "Luzgina, Anastasija"]
[Result "0-1"]
[Termination "normal"]
[Board "7.4"]
[WhiteElo "1076"]
[BlackElo "1096"]
[WhiteClock "01:27:56"]
[BlackClock "01:07:04"]
[WhiteTeam "Hamburger SK von 1830"]
[BlackTeam "SG Königskinder Hohentübingen e.V."]
[PlyCount "76"]
[WhiteFideId "16298349"]
[BlackFideId "24280860"]
[EventCountry "GER"]
[EventRounds "7"]
[EventType "team-swiss"]
[EventDate "2021.06.23"]

1. e4 {[%clk 1:30:58]} 1... c6 {[%clk 1:30:55]} 2. d4 {[%clk 1:31:19]} 2... d5
{[%clk 1:31:20]} 3. exd5 {[%clk 1:31:19]} 3... cxd5 {[%clk 1:31:45]} 4. Nc3 {
[%clk 1:31:25]} 4... Nf6 {[%clk 1:32:00]} 5. Nf3 {[%clk 1:31:13]} 5... Nc6 {
[%clk 1:31:59]} 6. Bb5 {[%clk 1:31:11]} 6... Bg4 {[%clk 1:32:19]} 7. h3 { [%clk
1:31:25]} 7... Bxf3 8. Qxf3 {[%clk 1:31:39]} 8... e6 {[%clk 1:32:33]} 9. Bg5
{[%clk 1:31:36]} 9... Be7 {[%clk 1:32:34]} 10. O-O-O {[%clk 1:31:48]} 10... O-O
{[%clk 1:32:48]} 11. g4 {[%clk 1:31:48]} 11... Ne8 {[%clk 1:25:46]} 12. Bxe7
{[%clk 1:29:38]} 12... Qxe7 {[%clk 1:26:08]} 13. h4 {[%clk 1:29:53]} 13... Qf6
14. Qxf6 {[%clk 1:29:34]} 14... Nxf6 {[%clk 1:26:21]} 15. g5 { [%clk 1:29:37]}
15... Nh5 {[%clk 1:22:58]} 16. Ne2 {[%clk 1:29:10]} 16... Rac8 {[%clk 1:19:54]}
17. Ng3 {[%clk 1:29:07]} 17... Nxg3 {[%clk 1:18:35]} 18. fxg3 {[%clk 1:29:28]}
18... a6 {[%clk 1:18:39]} 19. Bd3 {[%clk 1:29:47]} 19... Nxd4 {[%clk 1:17:31]}
20. Bxh7+ {[%clk 1:29:28]} 20... Kxh7 {[%clk 1:17:50]} 21. Rxd4 {[%clk
1:29:48]} 21... f6 {[%clk 1:08:14]} 22. Rb4 {[%clk 1:28:33]} 22... b5 {[%clk
1:06:01]} 23. g4 {[%clk 1:28:26]} 23... fxg5 {[%clk 1:05:32]} 24. hxg5+ {[%clk
1:28:43]} 24... Kg6 {[%clk 1:05:58]} 25. Rh5 {[%clk 1:27:59]} 25... Rf1+ {[%clk
1:05:56]} 26. Kd2 {[%clk 1:28:20]} 26... Rf2+ {[%clk 1:06:10] } 27. Kc1 {[%clk
1:27:49]} 27... Rfxc2+ {[%clk 1:06:01]} 28. Kd1 { [%clk 1:27:58]} 28... R2c4
{[%clk 1:05:56]} 29. a3 {[%clk 1:27:41]} 29... Rxb4 {[%clk 1:06:16]} 30. axb4
{[%clk 1:28:05]} 30... Rc4 {[%clk 1:06:44]} 31. Rh8 { [%clk 1:27:47]} 31...
Kxg5 {[%clk 1:06:55]} 32. Ra8 Rxb4 33. Rxa6 { [%clk 1:27:36]} 33... Kf6 {[%clk
1:07:03]} 34. Kc2 {[%clk 1:27:25]} 34... Rxg4 {[%clk 1:07:23]} 35. Ra5 {[%clk
1:27:44]} 35... b4 {[%clk 1:06:53]} 36. b3 { [%clk 1:27:56]} 36... Rg2+ {[%clk
1:07:04]} 37. Kd3 Rg3+ 38. Kd4 Rxb3 0-1

[Event "DVM U14w 2020"]
[Site "Willingen GER"]
[Date "2021.06.25"]
[Round "4"]
[White "Rotärmel, Leonie"]
[Black "Nguyen, Jenny Ha-Linh"]
[Result "1/2-1/2"]
[Termination "normal"]
[Board "8.1"]
[WhiteElo "1417"]
[BlackElo "1368"]
[WhiteTeam "SV Oberursel"]
[BlackTeam "Schachgemeinschaft Leipzig"]
[PlyCount "42"]
[WhiteFideId "16281390"]
[BlackFideId "16209729"]
[EventCountry "GER"]
[EventRounds "7"]
[EventType "team-swiss"]
[EventDate "2021.06.23"]

1. e4 e6 2. d4 d5 3. Nc3 Nf6 4. Bg5 dxe4 5. Nxe4 Be7 6. Nxf6+ Bxf6 7. Bxf6 Qxf6
8. Nf3 O-O 9. Bd3 Nd7 10. O-O Qe7 11. c3 h6 12. Qc2 Nf6 13. Ne5 Bd7 14. Qb3
Rab8 15. Nxd7 Qxd7 16. f3 c6 17. Be4 Rfe8 18. Rad1 Rbd8 19. g3 Qc7 20. a4 Kh8
21. Qc2 a5 1/2-1/2

[Event "DVM U14w 2020"]
[Site "Willingen GER"]
[Date "2021.06.25"]
[Round "4"]
[White "Halas, Neele Zoe"]
[Black "Neininger, Sarah"]
[Result "1-0"]
[Termination "normal"]
[Board "8.2"]
[WhiteElo "1267"]
[BlackElo "1469"]
[WhiteTeam "Schachgemeinschaft Leipzig"]
[BlackTeam "SV Oberursel"]
[PlyCount "63"]
[WhiteFideId "16287282"]
[BlackFideId "16287410"]
[EventCountry "GER"]
[EventRounds "7"]
[EventType "team-swiss"]
[EventDate "2021.06.23"]

1. e4 c5 2. Nc3 Nc6 3. Bb5 g6 4. Bxc6 dxc6 5. f4 Bg7 6. d3 Nf6 7. Nf3 O-O 8.
O-O Qb6 9. Kh1 Rd8 10. Qe1 Qc7 11. h3 Nh5 12. e5 f5 13. Qh4 Qd7 14. Rg1 h6 15.
g4 fxg4 16. hxg4 Nf6 17. exf6 exf6 18. Bd2 b6 19. Ne4 Kf7 20. Bc3 Qe7 21. Rae1
Qc7 22. Rgf1 f5 23. gxf5 Bxf5 24. Bxg7 Kxg7 25. Qf6+ Kg8 26. Ne5 Rf8 27. Qxc6
Qe7 28. Nxg6 Bxg6 29. Qxg6+ Kh8 30. Qxh6+ Kg8 31. Rg1+ Qg7 32. Qxg7# 1-0

[Event "DVM U14w 2020"]
[Site "Willingen GER"]
[Date "2021.06.25"]
[Round "4"]
[White "Richter, Johanna"]
[Black "Bacakova, Klara"]
[Result "1-0"]
[Termination "normal"]
[Board "8.3"]
[WhiteElo "1178"]
[BlackElo "1173"]
[WhiteTeam "SV Oberursel"]
[BlackTeam "Schachgemeinschaft Leipzig"]
[PlyCount "91"]
[WhiteFideId "16278925"]
[BlackFideId "34605762"]
[EventCountry "GER"]
[EventRounds "7"]
[EventType "team-swiss"]
[EventDate "2021.06.23"]

1. d4 d5 2. c4 c6 3. Nc3 Nf6 4. Bg5 h6 5. Bh4 g5 6. Bg3 Bf5 7. cxd5 cxd5 8. e3
Nc6 9. Nf3 Bg4 10. Be2 Bg7 11. Qb3 b6 12. O-O O-O 13. Rac1 Ne4 14. Nxe4 dxe4
15. Rxc6 exf3 16. Bxf3 Bxf3 17. gxf3 Rc8 18. Rfc1 Rxc6 19. Rxc6 Qd7 20. Rc7 Qd8
21. Rxa7 e6 22. Qc4 Qc8 23. Qxc8 Rxc8 24. Bc7 Kf8 25. Bxb6 f5 26. Bc5+ Kg8 27.
b4 Bf8 28. Bxf8 Kxf8 29. Kf1 Rc1+ 30. Ke2 Rc4 31. a3 Rc2+ 32. Ke1 Rc1+ 33. Kd2
Rh1 34. b5 Rxh2 35. b6 Rxf2+ 36. Kd3 Rb2 37. b7 Rb3+ 38. Kc4 Rb6 39. Kc5 Rb3
40. Kc6 Rc3+ 41. Kb6 Rb3+ 42. Kc7 Rc3+ 43. Kb8 h5 44. Ka8 h4 45. b8=Q+ Rc8 46.
Qxc8# 1-0

[Event "DVM U14w 2020"]
[Site "Willingen GER"]
[Date "2021.06.25"]
[Round "4"]
[White "Amelang, Jamie Alice"]
[Black "Weyerer, Elea"]
[Result "1-0"]
[Termination "normal"]
[Board "8.4"]
[WhiteElo "919"]
[BlackElo "768"]
[WhiteTeam "Schachgemeinschaft Leipzig"]
[BlackTeam "SV Oberursel"]
[PlyCount "105"]
[WhiteFideId "34605754"]
[BlackFideId "34605770"]
[EventCountry "GER"]
[EventRounds "7"]
[EventType "team-swiss"]
[EventDate "2021.06.23"]

1. e4 d5 2. exd5 Qxd5 3. Nc3 Qd8 4. d4 c6 5. a4 Bf5 6. Bc4 e6 7. Nf3 Nf6 8. h3
Be7 9. O-O O-O 10. Bg5 h6 11. Bh4 Nbd7 12. Bg3 Re8 13. Qd2 Bb4 14. Rae1 c5 15.
dxc5 Nxc5 16. Qf4 Qb6 17. Ne5 Ncd7 18. Bb5 Qd8 19. Rd1 Re7 20. Qxb4 a6 21. Bxd7
Nxd7 22. Nxd7 Rxd7 23. Rxd7 Qxd7 24. Rd1 Qc6 25. Rd6 Qc7 26. Rb6 Qd8 27. Rxb7
Bxc2 28. Rb8 Rxb8 29. Bxb8 a5 30. Qb5 Kh8 31. Qe5 Qd2 32. Kh2 Qxf2 33. Qxa5 Bd3
34. Qd8+ Kh7 35. Qxd3+ Kh8 36. Nd1 Qb6 37. Be5 f6 38. Bc3 Qb3 39. a5 Qb8+ 40.
Kh1 e5 41. a6 Qa8 42. Ba5 Qb8 43. Qd8+ Qxd8 44. Bxd8 e4 45. a7 e3 46. Nxe3 f5
47. Nxf5 g5 48. a8=Q g4 49. Bf6+ Kh7 50. Qh8+ Kg6 51. Nh4+ Kh5 52. Qg8 g3 53.
Qg6# 1-0

[Event "DVM U14w 2020"]
[Site "Willingen GER"]
[Date "2021.06.25"]
[Round "4"]
[White "Kanno, Clara Yumi"]
[Black "Hencke, Luna"]
[Result "1-0"]
[Termination "normal"]
[Board "9.1"]
[WhiteElo "1093"]
[BlackElo "1168"]
[WhiteTeam "Schachfreunde Essen-Werden"]
[BlackTeam "SchachAkademiePaderborn e. V."]
[PlyCount "45"]
[WhiteFideId "16259661"]
[BlackFideId "16261429"]
[EventCountry "GER"]
[EventRounds "7"]
[EventType "team-swiss"]
[EventDate "2021.06.23"]

1. e4 d6 2. d4 Nf6 3. Nc3 Nbd7 4. Nf3 e5 5. Bc4 Be7 6. O-O O-O 7. d5 c6 8. dxc6
bxc6 9. Be3 Qc7 10. h3 Qb7 11. b3 Qb4 12. Bd2 Rd8 13. Nd5 Qb7 14. Nxe7+ Kf8 15.
Nxc8 Qxc8 16. Bb4 c5 17. Qxd6+ Kg8 18. Ba3 Nxe4 19. Qd5 Ndf6 20. Qxf7+ Kh8 21.
Nxe5 Qb8 22. Qg8+ Rxg8 23. Nf7# 1-0

[Event "DVM U14w 2020"]
[Site "Willingen GER"]
[Date "2021.06.25"]
[Round "4"]
[White "Gerlach, Lorena"]
[Black "Symanski, Linda"]
[Result "1-0"]
[Termination "normal"]
[Board "9.2"]
[WhiteElo "1040"]
[BlackElo "1012"]
[WhiteTeam "SchachAkademiePaderborn e. V."]
[BlackTeam "Schachfreunde Essen-Werden"]
[PlyCount "141"]
[WhiteFideId "34605738"]
[BlackFideId "16284534"]
[EventCountry "GER"]
[EventRounds "7"]
[EventType "team-swiss"]
[EventDate "2021.06.23"]

1. Nf3 d5 2. d4 Nf6 3. g3 Bf5 4. Bg2 e6 5. O-O Bd6 6. c4 c6 7. c5 Be7 8. Nc3
Nbd7 9. Bf4 b6 10. cxb6 axb6 11. Ne5 Nxe5 12. Bxe5 O-O 13. Re1 Bd6 14. Bxd6
Qxd6 15. e4 dxe4 16. Nxe4 Nxe4 17. Bxe4 Bxe4 18. Rxe4 Rfd8 19. a3 c5 20. Qd3
Ra7 21. Rd1 Rad7 22. Qc4 Qd5 23. Qxd5 Rxd5 24. Kf1 Rxd4 25. Rexd4 Rxd4 26. Rxd4
cxd4 27. Ke2 f6 28. Kd3 e5 29. Ke4 Kf7 30. a4 Ke6 31. b3 Kd6 32. b4 Kc6 33. f4
d3 34. Kxd3 Kd5 35. fxe5 fxe5 36. a5 b5 37. a6 Kc6 38. Ke4 Kb6 39. Kxe5 Kxa6
40. Kd5 Kb6 41. h3 g6 42. Kd6 h6 43. h4 h5 44. Kd5 Kb7 45. Kc5 Ka6 46. Kc6 Ka7
47. Kxb5 Kb7 48. Kc5 Kc7 49. b5 Kb7 50. b6 Kb8 51. Kd5 Kb7 52. Ke5 Kxb6 53. Kf6
Kc5 54. Kxg6 Kd4 55. Kxh5 Ke5 56. g4 Kf6 57. g5+ Kg7 58. g6 Kg8 59. Kh6 Kh8 60.
g7+ Kg8 61. h5 Kf7 62. Kh7 Kf6 63. g8=Q Ke5 64. Kg6 Kd4 65. h6 Ke5 66. h7 Ke4
67. h8=Q Kf4 68. Qf6+ Ke4 69. Qge6+ Kd3 70. Qf3+ Kd4 71. Qed5# 1-0

[Event "DVM U14w 2020"]
[Site "Willingen GER"]
[Date "2021.06.25"]
[Round "4"]
[White "Claussen, Daniela"]
[Black "Khoja, Maya"]
[Result "1/2-1/2"]
[Termination "normal"]
[Board "9.3"]
[WhiteElo "992"]
[BlackElo "828"]
[WhiteTeam "Schachfreunde Essen-Werden"]
[BlackTeam "SchachAkademiePaderborn e. V."]
[PlyCount "43"]
[WhiteFideId "16248929"]
[BlackFideId "34606157"]
[EventCountry "GER"]
[EventRounds "7"]
[EventType "team-swiss"]
[EventDate "2021.06.23"]

1. e3 e6 2. b3 d5 3. Bb2 Nf6 4. c4 Bc5 5. Nf3 O-O 6. Be2 Nc6 7. O-O Re8 8. d4
Bb4 9. Nbd2 b6 10. Ne5 Bb7 11. Qc2 Nd7 12. Nxd7 Qxd7 13. Nf3 Ba6 14. e4 dxc4
15. bxc4 Rab8 16. Rad1 b5 17. d5 Na5 18. Ne5 Qd6 19. Qd3 bxc4 20. Nxc4 Bxc4 21.
Qd4 e5 22. Qe3 1/2-1/2

[Event "DVM U14w 2020"]
[Site "Willingen GER"]
[Date "2021.06.25"]
[Round "4"]
[White "Gruber, Florentine"]
[Black "Blume, Louisa"]
[Result "1-0"]
[Termination "normal"]
[Board "9.4"]
[WhiteElo "988"]
[BlackElo "798"]
[WhiteTeam "SchachAkademiePaderborn e. V."]
[BlackTeam "Schachfreunde Essen-Werden"]
[PlyCount "111"]
[WhiteFideId "34605711"]
[BlackFideId "34605746"]
[EventCountry "GER"]
[EventRounds "7"]
[EventType "team-swiss"]
[EventDate "2021.06.23"]

1. d4 e6 2. Nf3 d5 3. g3 Nc6 4. Bg2 Nf6 5. O-O Bd6 6. c4 O-O 7. c5 Be7 8. Nc3
b6 9. Na4 Ba6 10. Ne5 Bb7 11. Nxc6 Bxc6 12. b4 Qe8 13. Nc3 Rb8 14. Rb1 Qd8 15.
b5 Ba8 16. Bf4 bxc5 17. dxc5 Bxc5 18. Qa4 Qd7 19. Rfd1 a6 20. bxa6 Qxa4 21.
Nxa4 Ba7 22. Bxc7 Rbc8 23. Rdc1 Bd4 24. Nb6 Rce8 25. Bd6 Rd8 26. Bxf8 Kxf8 27.
Rc8 Rxc8 28. Nxc8 Ng4 29. e3 Be5 30. a7 g6 31. Rb8 Bc6 32. Nb6+ Ke7 33. Rc8 Bb7
34. a8=Q Bxa8 35. Rxa8 Nf6 36. a4 Nd7 37. Ra7 Bb8 38. Rxd7+ Ke8 39. a5 Kf8 40.
Rd8+ Ke7 41. Rxb8 Kd6 42. Rc8 h5 43. a6 Ke5 44. a7 Kd6 45. a8=Q Ke5 46. Bxd5
Kf6 47. Qa1+ Ke7 48. Bxe6 Kd6 49. Qd1+ Ke7 50. Qd7+ Kf6 51. Nd5+ Ke5 52. Bxf7
Ke4 53. Qe6+ Kd3 54. Bxg6+ Ke2 55. Nf4+ Kf3 56. Be4# 1-0